Zgadnij państwo po trzech najbardziej utytułowanych klubach - Statystyki

Ogólne statystyki
  • Ten quiz został rozwiązany 806 razy
  • Średni wynik to 18 z 20
Statystyki odpowiedzi
Kluby Państwo % Poprawnych
Manchester United Anglia
100%
PSG Francja
99%
Olympiakos Pireus Grecja
98%
Real Madryt Hiszpania
98%
Bayern Monachium Niemcy
97%
Legia Warszawa Polska
97%
Spartak Moskwa Rosja
97%
Los Angeles Galaxy Stany Zjednoczone
96%
Ferencvarosi Węgry
95%
Zalgiris Wilno Litwa
94%
Palmeiras Brazylia
93%
Flora Tallinn Estonia
91%
Kashima Antlers Japonia
89%
Maccabi Tel Awiw Izrael
88%
Guangzhou Evergrande Chiny
87%
Sheriff Tyraspol Mołdawia
87%
Galatasaray Turcja
87%
Al-Ain Zjednoczone Emiraty Arabskie
73%
AFC Leopards Nairobi Kenia
71%
Pakhtator Taszkent Uzbekistan
54%
Nie znaleziono quizów pasujących do podanych kryteriów
Rozkład punktacji
Procent ludzi z każdym wynikiem
Percentyl według liczby udzielonych odpowiedzi
Twoja historia wyników
Nie rozwiązałeś tego quizu